Cezanne / (Record no. 14042)
[ view plain ]
| 000 -LEADER | |
|---|---|
| fixed length control field | 00917ccm a2200301 a 4500 |
| 001 - CONTROL NUMBER | |
| JCCL Control Number | 14042 |
| 003 - CONTROL NUMBER IDENTIFIER | |
| JCCL marc code | BD-JhCC |
| 005 - DATE AND TIME OF LATEST TRANSACTION | |
| control field | 20240525134900.0 |
| 008 - FIXED-LENGTH DATA ELEMENTS--GENERAL INFORMATION | |
| fixed length control field | 990324s1999 xna| | nn eng |
| 035 ## - SYSTEM CONTROL NUMBER | |
| system control number | (BD-JhCC)14042 |
| 035 ## - SYSTEM CONTROL NUMBER | |
| system control number | 2278703 |
| 040 ## - CATALOGING SOURCE | |
| Original cataloging agency | ANL |
| Transcribing agency | ANL |
| Modifying agency | ANL |
| 041 ## - LANGUAGE CODE | |
| Language code of Book | eng |
| 082 04 - DEWEY DECIMAL CLASSIFICATION NUMBER | |
| Classification number | 782.542 |
| DDC Edition number | 21 |
| Author mark and Year | MIC 1968 |
| 100 1# - MAIN ENTRY--PERSONAL NAME | |
| Personal name | Micheli,Mario De |
| Dates associated with a name | 1958- |
| 245 10 - TITLE STATEMENT | |
| Title | Cezanne / |
| Statement of responsibility, etc | Mario De Micheli |
| 260 ## - PUBLICATION, DISTRIBUTION, ETC. (IMPRINT) | |
| Place of publication, distribution, etc | Grosvenor Place, N.S.W. : |
| Name of publisher, distributor, etc | reproduced and distributed by Australian Music Centre, |
| Date of publication, distribution, etc | 1968. |
| 300 ## - PHYSICAL DESCRIPTION | |
| Pagination | 1 score (10 p.) ; |
| Dimensions | 21 x 29 cm. |
| 500 ## - GENERAL NOTE | |
| General note | Composer's autograph |
| 500 ## - GENERAL NOTE | |
| General note | "Text: Gertrude Stein"--P. [1]. |
| 500 ## - GENERAL NOTE | |
| General note | Spiral binding. |
| 600 10 - SUBJECT ADDED ENTRY--PERSONAL NAME | |
| Personal name | Stein, Gertrude, |
| Dates associated with a name | 1874-1946 |
| 650 #0 - SUBJECT ADDED ENTRY--TOPICAL TERM | |
| Topical term or geographic name as entry element | Choruses, Secular (Mixed voices, 4 parts) |
| 653 ## - INDEX TERM--UNCONTROLLED | |
| Uncontrolled term | Australian |
| 700 1# - ADDED ENTRY--PERSONAL NAME | |
| Personal name | Stein, Gertrude, |
| Dates associated with a name | 1874-1946. |
| 710 2# - ADDED ENTRY--CORPORATE NAME | |
| Corporate name or jurisdiction name as entry element | Australian Music Centre. |
| 942 ## - ADDED ENTRY ELEMENTS (KOHA) | |
| Source of classification or shelving scheme | Dewey Decimal Classification |
| Koha item type | Books |
| Source of classification or shelving scheme | Damaged status | Not for loan | Home library | Current library | Shelving location | Date of accession | Total Checkouts | Full call number | Barcode | Date last seen | Copy number | Method of acquisition | Koha item type | Currency |
|---|---|---|---|---|---|---|---|---|---|---|---|---|---|---|
| Dewey Decimal Classification | JCC Rouf Library | JCC Rouf Library | General Stacks | 782.542 MIC 1968 | 12766 | 05/25/2024 | C-1 | Purchase | Books | BDT |